000 00718cam a2200193 i 4500
005 20260128080429.0
008 250721s1992 jo gr 000 0 ara d
082 1 4 _a355.3432
_bم ح م
100 1 _aشحادة، محمد نور الدين
_eمؤلف.
245 1 0 _aقناع القناع /
_cمحمد نور الدين شحاده.
246 1 0 _aveil of the veil
250 _aالطبعة الأولى.
264 3 1 _aعمان :
_bدار الجليل للنشر والدراسات والأبحاث الفلسطينية،
_c1992.
300 _a364 صفحة.
650 1 7 _aوكالة الإستخبارات المركزية.
650 1 7 _aالجواسيس.
942 _2ddc
_cBK
999 _c8900
_d8900